Marvel - BilderQuiz - Statistiken

Allgemein
  • Dieses Quiz wurde 1.932 mal gespielt
  • Das Durchschnittsergebnis liegt bei 13 aus 16
Antwortstatistiken
Bildquiz Antwort % Korrekt
Hulk
99%
Iron Man
98%
Spiderman
98%
Thor
98%
Ant-Man
96%
Captain America
96%
Doctor Strange
96%
Black Panther
95%
Loki
95%
Black Widow
92%
Rocket
83%
Falcon
75%
Red Skull
71%
Drax
62%
Vulture
25%
Whiplash
25%
Keine übereinstimmenden Quizze gefunden
Verteilung der Resultate
Anzahl Personen mit jedem Resultat
Perzentil nach korrekt beantworteten Fragen
Ihre Resultats-Entwicklung
Sie haben dieses Quiz noch nicht gespielt